000 00702nam a22002177a 4500
003 UA-OsUOA
001 111598
007 ta
008 20150527b un ||||| |||| 00| 0 ukr d
090 _a012:82.09(477)
_bШ32
942 _cBK
040 _aUA-OsUOA
_bukr
_cUA-OsUOA
_dUA-OsUOA
245 _aМаркіян Шашкевич
_bбіо-бібліографічний покажчик
_cукл. М. Марунчак
300 _a206 с.
955 _a1
041 _aukr
080 _a012:82.09(477)
260 _aВінніпег
_bБібліотека Шашкевичіяни
_c1989
650 7 _a01 Бібліографія і бібліографії. Каталоги
_2UDC
999 _c397713
_d397713